00589nam a2200217Ia 4500003000400000005001700004006001800021007000300039008004100042024001000083037001800093040001800111041001300129100002400142110005900166245005500225260000900280300001500289650000800304700005900312OSt20220930203824.0a|||||r|||| 00| 0ta220926b |||||||| |||| 00| 0 eng d a80473 cDissertations aCRLcCRLbeng 2engaeng aPandey Sanjay Kumar aUniversity of Delhi. Faculty of Law. Department of Law 0aSystematic settlement of disputes under the W.T.O. c2000 a139p.ccm. aLAW aUniversity of Delhi. Faculty of Law. Department of Law